| 000 | 00428nam a2200181Ia 4500 | ||
|---|---|---|---|
| 008 | 230524s9999 xx 000 0 und d | ||
| 020 | _a0070858217 | ||
| 082 |
_a530 _bTIM |
||
| 100 | _aS.P.Timoshenko | ||
| 245 | 0 | _aTheory of Elastic Stability | |
| 250 | _a2ND | ||
| 260 |
_aNEW DELHI _bTMH _c1963 |
||
| 300 | _a541 | ||
| 500 | _aQuantity Number: 2 | ||
| 650 | _aPhysics | ||
| 700 |
_a James M.Gere _911781 |
||
| 942 | _cBK | ||
| 999 |
_c25971 _d25971 |
||